| 000 | 00873nas a2200265 4500 | ||
|---|---|---|---|
| 001 | BR8707880 | ||
| 003 | BR-BrBNA | ||
| 005 | 20231205090946.0 | ||
| 007 | ta | ||
| 008 | 230509b bl.|||p| |||| 00| 00por d | ||
| 040 |
_aBR-BrBNA _bpor _cBiblioteca Nacional de Agricultura |
||
| 041 | _a(Pt) | ||
| 072 | _aH20 | ||
| 100 | 1 | _aCaner, J. | |
| 100 | 1 | _aAlexandre, M.A.V. | |
| 100 | 1 | _aVicente, M. | |
| 245 | 1 |
_aAcao diferencial do tiazofurin sobre quatro virus fitopatogenicos em plantas de fumo _bComunicacao |
|
| 246 | 1 |
_aDifferential action of tiazofurin on four viruses infecting tobacco plants _bComunication |
|
| 650 | _aFUMO | ||
| 650 | _aVIRUS | ||
| 650 | _aINIBIDOR DE VIRUS | ||
| 773 | 0 |
_tFitopatologia Brasileira (Brazil) _xISSN 0100-4158 _g(Dec 1986), v. 11(4) p. 1009-1013 _wBR8707880 |
|
| 909 |
_a202311 _bLúcia _c55 _dLúcia Elande |
||
| 942 |
_2AGRIS _n0 _cANA |
||
| 999 |
_c121884 _d121884 |
||